[Event "OP-2011-0-01782"]
[Site "LSS email"]
[Date "2011.09.21"]
[Round "?"]
[White "Hilton, Stephen H"]
[Black "Sotnikov, Oleg"]
[Result "1-0"]
[WhiteElo "1078"]
[BlackElo "986"]
[PlyCount "33"]
[EventDate "2011.09.19"]
[EventType "tourn (corr)"]
[EventRounds "4"]
[EventCountry "GER"]
[SourceTitle "Corr 2015"]
[Source "ChessBase"]
[SourceDate "2015.07.17"]
[SourceVersion "1"]
[SourceVersionDate "2015.07.17"]
[SourceQuality "1"]

1. c4 e5 2. Nc3 f5 3. d3 Nf6 4. Nf3 Nc6 5. g3 Bb4 6. Bg2 0-0 7. 0-0 h6 8. Bd2 d6 9. a3 Bxc3 10. Bxc3 Be6 11. b4 a6 12. Qc2 f4 13. Rad1 Bf5 14. Qb2 Qd7 15. Rfe1 Rae8 16. Nh4 Bh7 17. Nf3 1-0

[Event "OP-2011-0-01782"]
[Site "LSS email"]
[Date "2011.09.21"]
[Round "?"]
[White "Molano Lafuente, Ismael"]
[Black "Sotnikov, Oleg"]
[Result "1-0"]
[WhiteElo "1403"]
[BlackElo "986"]
[PlyCount "23"]
[EventDate "2011.09.19"]
[EventType "tourn (corr)"]
[EventRounds "4"]
[EventCountry "GER"]
[SourceTitle "Corr 2015"]
[Source "ChessBase"]
[SourceDate "2015.07.17"]
[SourceVersion "1"]
[SourceVersionDate "2015.07.17"]
[SourceQuality "1"]

1. b3 e5 2. Bb2 e4 3. Nc3 d5 4. d3 f5 5. dxe4 dxe4 6. Qxd8+ Kxd8 7. 0-0-0+ Bd7 8. g4 Kc8 9. gxf5 Bxf5 10. Nxe4 Bxe4 11. Bh3+ Nd7 12. Rxd7 1-0

[Event "LSS No Engine Cup 49 Preliminary 1"]
[Site "LSS email"]
[Date "2011.08.26"]
[Round "?"]
[White "Schnoewitz, Brigitte"]
[Black "Sotnikov, Oleg"]
[Result "1-0"]
[WhiteElo "1232"]
[BlackElo "986"]
[PlyCount "27"]
[EventDate "2011.08.27"]
[EventType "tourn (corr)"]
[EventRounds "6"]
[EventCountry "GER"]
[SourceTitle "Corr 2015"]
[Source "ChessBase"]
[SourceDate "2015.07.17"]
[SourceVersion "1"]
[SourceVersionDate "2015.07.17"]
[SourceQuality "1"]

1. d4 e6 2. c4 c5 3. d5 exd5 4. cxd5 d6 5. e4 g6 6. Nc3 Bg7 7. Nf3 Bg4 8. Be2 Ne7 9. h3 Bxf3 10. Bxf3 0-0 11. 0-0 f5 12. Re1 f4 13. Qc2 Nd7 14. b3 1-0

[Event "OP-2011-0-01718"]
[Site "LSS email"]
[Date "2011.08.14"]
[Round "?"]
[White "Sotnikov, Oleg"]
[Black "Linart, Ludvik"]
[Result "1-0"]
[WhiteElo "986"]
[BlackElo "845"]
[PlyCount "65"]
[EventDate "2011.08.11"]
[EventType "tourn (corr)"]
[EventRounds "4"]
[EventCountry "GER"]
[SourceTitle "Telechess CBM 151"]
[Source "ChessBase"]
[SourceDate "2012.11.13"]
[SourceVersion "1"]
[SourceVersionDate "2012.11.13"]
[SourceQuality "1"]

1. e4 e5 2. Nf3 Nc6 3. Bc4 Nf6 4. 0-0 Bc5 5. d3 0-0 6. Bg5 Be7 7. Nc3 d6 8. h3 Nh5 9. Be3 Na5 10. Bb3 Nxb3 11. axb3 a6 12. Nxe5 Nf6 13. Nf3 c5 14. g4 Nxg4 15. hxg4 Bxg4 16. Bf4 Bh4 17. Bg3 Bxg3 18. fxg3 Qf6 19. Kg2 Qh6 20. Rh1 Qf6 21. Qe2 Qe6 22. Ng5 Bxe2 23. Nxe6 fxe6 24. Nxe2 Rf7 25. Raf1 Raf8 26. Rxf7 Rxf7 27. Rf1 b5 28. Nf4 Rf6 29. Ra1 e5 30. Nd5 Rf7 31. Rxa6 Rd7 32. c3 Kf7 33. Rb6 1-0

[Event "OP-2011-0-01664"]
[Site "LSS email"]
[Date "2011.07.18"]
[Round "?"]
[White "Sotnikov, Oleg"]
[Black "Chang, Henk"]
[Result "1-0"]
[WhiteElo "985"]
[BlackElo "964"]
[PlyCount "79"]
[EventDate "2011.07.15"]
[EventType "tourn (corr)"]
[EventRounds "4"]
[EventCountry "GER"]
[SourceTitle "Telechess CBM 149"]
[Source "ChessBase"]
[SourceDate "2012.07.17"]
[SourceVersion "1"]
[SourceVersionDate "2012.07.17"]
[SourceQuality "1"]

1. e4 e5 2. Nf3 d6 3. Bc4 Nf6 4. h3 Be7 5. Nc3 0-0 6. 0-0 Nc6 7. d4 exd4 8. Nxd4 Ne5 9. Bb3 Nfd7 10. f4 Ng6 11. Nf5 Nc5 12. Nxe7+ Qxe7 13. f5 Ne5 14. f6 Qd8 15. Bg5 g6 16. Nd5 Nc6 17. Qe1 Re8 18. Qh4 Rxe4 19. Qh6 Qf8 20. Rae1 Qxh6 21. Bxh6 Be6 22. Nxc7 Rc8 23. Nxe6 Rxe1 24. Rxe1 Nxe6 25. Rxe6 Nd4 26. Rxd6 Nxb3 27. axb3 Re8 28. Rd7 b6 29. Rxa7 Rc8 30. Rb7 Rd8 31. Rxb6 Rc8 32. c4 Rd8 33. c5 Rc8 34. c6 Re8 35. c7 Rc8 36. Rb8 Rxb8 37. cxb8N g5 38. Nc6 g4 39. Ne7+ Kh8 40. Bg7# 1-0

[Event "OP-2011-0-01642"]
[Site "LSS email"]
[Date "2011.07.05"]
[Round "?"]
[White "Sotnikov, Oleg"]
[Black "Jaszczowski, Zdzislaw"]
[Result "1-0"]
[WhiteElo "964"]
[BlackElo "814"]
[PlyCount "57"]
[EventDate "2011.07.03"]
[EventType "tourn (corr)"]
[EventRounds "4"]
[EventCountry "GER"]
[SourceTitle "Telechess CBM 151"]
[Source "ChessBase"]
[SourceDate "2012.11.13"]
[SourceVersion "1"]
[SourceVersionDate "2012.11.13"]
[SourceQuality "1"]

1. e4 e5 2. Nf3 d6 3. d4 exd4 4. Nxd4 c5 5. Bb5+ Nd7 6. Nf5 Qf6 7. Nc3 a6 8. Bxd7+ Bxd7 9. Nd5 Qd8 10. 0-0 Nf6 11. Bg5 h6 12. Nxf6+ gxf6 13. Bh4 Be6 14. Qf3 d5 15. Rad1 d4 16. c3 Be7 17. cxd4 Bxf5 18. Qxf5 cxd4 19. Rfe1 Qb6 20. b3 Rd8 21. e5 fxe5 22. Rxe5 Rd7 23. Rde1 Qd6 24. g3 Kd8 25. Bxe7+ Rxe7 26. Rxe7 Rf8 27. Rxb7 f6 28. Rc1 Ke8 29. Rc8+ 1-0